000 01629nab a2200241 i 4500
001 768714001
003 CO-MdFUSB
005 20240524100656.0
008 240524t1974 sp ||||| |||| 00| 0 spa d
040 _bspa
_cCO-MdFUSB
_dCO-MdFUSB
041 _aspa
100 _aSagne, Jean-Claude,
_d1936-2010 ‎
_eautor
245 3 _aEl Espíritu Santo o el deseo de Dios
_c/ Jean Claude Sagne ; traducido por T. S. Muñoz
520 _aReflexión del creyente sobre el Espíritu, reflexión del analista sobre el deseo: estas dos reflexiones teóricas reclaman ser situadas de nuevo en su lugar de origen, que es la experiencia de la fe en una comunidad de creyentes y la experiencia de la cura analítica. Vamos a tratar de sugerir aquí la interacción viva y conflictiva entre el descubrimiento del Espíritu (de los efectos y fruto del Espíritu) en la vida de fe y el descubrimiento del deseo (de diversos deseos) en la cura analítica. Como la novedad (relativa) de esta comparación procede del psicoanálisis, nos parece indicado bosquejar un perfil de la liberación del deseo en la cura analítica para aplicarlo después a la obra del Espíritu, antes de hablar de sus rasgos específicos.
650 0 _aVida cristiana
_919
650 7 _aPsicología clínica
_97248
650 0 _aEspíritu Santo
_950
653 _aTerapia
700 _aMuñoz, T. S.,
_etraductor
773 0 _049450
_982679
_oR2589
_tRevista internacional de teología Concilium
_w(CO-MdFUSB)8
_x0210-1041
_gVolumen 99, (noviembre, 1974 ) páginas: 317 - 331
_qpáginas: 317
942 _cANA
945 _aCatherine Arias Álvarez - Practicante SENA
999 _c69899
_d69899